1313 1361 1277 1191 1525 1275 1829 1237 1309 1163 1905 1185 1912 1990 1125 1277 1458 1168 1973 1706 1300 1311 1822 1437 1019 1166 1908 1118 1421 1827 1091 1985 1744 1284 1513 1214 1972 1943 1073 1926 1979 1017 1443 1706 1243 1411 1638 1884 1549 1097 1157 1876 1837 1923 1196 1003 1940 1062 1157 1248 1302 1735 1055 1320 1786 1667 1730 1072 1360 1476 1844 1733 1501 1166 1564 1059 1073 1806 1412 1733 1544 1141 1943 1839 1208 1860 1795 1835 1387 1955 1415 1818 1808 1617 1749 1418 1749 1566 1773 BCNSPRNW ULIB Ver.6.0+V

เปลี่ยนเป็นภาษาไทย

Change to English
 แสดงรายละเอียดบรรณานุกรม
  กลับหน้าหลัก

Brief Record : Get Marc (ISO 2709) : E-mail record : QR code < ปิดหน้าต่าง
LEADER : 00000nam 2200000uu 4500
001    13399114967
003     ULIB
008    120626s2553||||th 000 0 tha d
020    ^a9789747293876
050  4 ^aBF637.S8^bอ598ด ล.2
100 0  ^aอาจอง ชุมสาย ณ อยุธยา
245 10 ^aด้วยรักบันดาล...นิทานสีขาว เล่ม 2 /^cเล่าเรื่องโดย อาจอง ชุมสาย ณ อยุธยา ;สุพัตรา แซ่ลิ่ม เรียบเรียง ;[บรรณาธิการ อิศวเรศ ตโมนุท]
250    ^aพิมพ์ครั้งที่ 8
260    ^aกรุงเทพฯ :^bฟรีมายด์,^c2553
300    ^a229 หน้า :^bภาพประกอบ
650  4 ^aนิทานสอนใจ
650  4 ^aการดำเนินชีวิต
650  4 ^aความสำเร็จ
650  4 ^aนิทานคติธรรม
700 0  ^aสุพัตรา แซ่ลิ่ม
700 0  ^aอิศวเรศ ตโมนุท,^eบรรณาธิการ
945    ^p185^l0^i19122
945    ^p185^l0^i19123
995    ^aเกษร
999    ^aใช้งานได้ทุกระบบ
รายการนี้ยังไม่มีแท็ก
คุณยังไม่ได้ล็อกอิน คุณสามารถมีกิจกรรมร่วมกับเว็บไซต์ได้ แต่ต้องล็อกอินก่อน ::
  ล็อกอิน

รายการสื่อสารสนเทศ

ลำดับที่ ประเภท เลขเรียก/บาร์โค้ด สถานที่ สถานะ
- ไม่พบข้อมูล -

รายการใกล้เคียง
    ผู้แต่ง [อาจอง ชุมสาย ณ อยุธยา]

    หัวเรื่อง [นิทานสอนใจ]
    หัวเรื่อง [การดำเนินชีวิต]
    หัวเรื่อง [ความสำเร็จ]
    หัวเรื่อง [นิทานคติธรรม]

BibComment


ยังไม่เคยถูกคอมเมนท์

คอมเมนท์ทรัพยากรรายการนี้
  คอมเมนท์: ด้วยรักบันดาลนิท..


 Copyright 2026. Bcnsprnw @Library